Kluby w Lidze Konferencji 2024/25 - Statystyki

Ogólne statystyki
  • Ten quiz został rozwiązany 252 razy
  • Średni wynik to 15 z 36
Statystyki odpowiedzi
Kraj Drużyna % Poprawnych
Polska Legia Warszawa
94%
Anglia Chelsea
89%
Polska Jagiellonia Białystok
87%
Hiszpania Real Betis
84%
Włochy Fiorentina
67%
Austria Rapid Wiedeń
50%
Belgia Cercle Brugge
49%
Norwegia Molde FK
49%
Dania FC Kopenhaga
46%
Cypr Omonia Nikozja
46%
Białoruś Dynamo Mińsk
43%
Belgia KAA Gent
43%
Cypr APOEL Nikozja
41%
Szwajcaria FC Lugano
40%
Finlandia HJK Helsinki
40%
Turcja İstanbul Başakşehir
39%
Słowenia NK Celje
39%
Niemcy FC Heidenheim
38%
Kazachstan FK Astana
38%
Cypr Pafos FC
34%
Grecja Panathinaikos AO
34%
Serbia TSC Bačka Topola
34%
Irlandia Shamrock Rovers
33%
Czechy FK Mladá Boleslav
31%
Austria LASK Linz
31%
Islandia Víkingur Reykjavík
31%
Portugalia Vitória Guimarães
31%
Armenia Noah Erywań
28%
Słowenia Olimpija Lublana
28%
Walia The New Saints F.C.
27%
Szwecja Djurgårdens IF
26%
Mołdawia Petrocub Hîncești
24%
Szkocja Heart of Midlothian
23%
Bośnia i Hercegowina Borac Banja Luka
22%
Szwajcaria FC Sankt Gallen
21%
Irlandia Północna Larne F.C.
17%
Nie znaleziono quizów pasujących do podanych kryteriów
Rozkład punktacji
Procent ludzi z każdym wynikiem
Percentyl według liczby udzielonych odpowiedzi
Twoja historia wyników
Nie rozwiązałeś tego quizu